| 000 | 00420nam a22001577a 4500 | ||
|---|---|---|---|
| 999 |
_c524428 _d524428 |
||
| 003 | NUST | ||
| 005 | 20190621051859.0 | ||
| 008 | 190621b ||||| |||| 00| 0 eng d | ||
| 038 | _aMr Zahoor | ||
| 082 | _a621.3 | ||
| 100 |
_aAqdas Naz _915247 |
||
| 245 |
_aEnergy efficitent routing protocols for wireless sensor networks / _cAqdas Naz |
||
| 260 |
_aIslamabad _bCSE NUST _c2016 |
||
| 300 | _a42 p. | ||
| 942 |
_2ddc _cTHE |
||